000 00712nam a2200241Ia 4500
003 OSt
005 20220923220858.0
006 a|||||r|||| 00| 0
007 ta
008 220922b |||||||| |||| 00| 0 hin d
024 _a191,814
037 _cTextual
040 _aARTS
_cARTS
_bhin
041 _2hin
_ahin
082 _aV2.L, 152L7
100 _aदुबे, शुक्रदेव
_9156272
245 0 _aहमारे किले
246 _aHamāre kile
260 _aदिल्ली
_b राजकमल प्रकाशन
_c1977
300 _a145पृ.
_ccm.
942 _hV2.L, 152L7
_cTEXL
_2CC
999 _c344470
_d344470